000 nam a22 a 4500
999 _c1531
_d1531
003 AKMAL
005 20170509165508.0
008 170509s1997 my 00 may d
020 _a9676106143 (kkt.):
_cRM 12.00
040 _aAKMAL
_cAKMAL
049 _aklpmal
082 0 4 _a306.872 HAS
090 _a306.872
_bHAS
090 2 0 _a306.872
_bHAS
100 _aHasan Hj. Mohd. Ali,
_cDato',
_d1947-
_91200
245 1 0 _a30 bisikan hati isteri /
_cHasan Hj. Mohd. Ali
260 _aKuala Lumpur :
_bUtusan Publications & Distributors,
_c1996
300 _axiii, 168ms. ;
_c22cm
440 _aSiri cetusan hati Utusan-AKRAB
_93058
650 _aFamily
_9363
650 _aHusband and wife (Islamic law)
_91978
650 _aChildren
_93066
740 2 _aTiga puluh bisikan hati isteri
942 _2ddc
_cBOOK